000 00365nam a2200133Ia 4500
003 GCL
008 140319s9999 xx 000 0 ara d
040 _aGCL /
_cGCL
082 0 4 _a301.243
_bس ع
100 1 _aسامية محمد جابر
245 1 0 _aعلم اجتماع القانون /
_cسامية محمد جابر
300 _a165 ص
490 _a100 قصة
_v0
999 _c43325
_d43325